000 00614nam a22002057a 4500
005 20251108172000.0
008 250721s1985 xx 000 0 ara d
082 1 4 _a811.0109/جور
100 1 _aغريب، جورج
245 1 0 _aقيس بن ذريح /
264 1 _aبيروت :
_bدار الثقافة،
_c1985.
300 _a111ص
490 0 _aسلسلة الموسوعة في الأدب العربي ؛ 43
650 1 7 _aشعر الغزل
650 1 7 _aالتاريخ الأدبي
650 1 7 _aالنقد الأدبي
650 1 7 _aالشعر الجاهلي
942 _2ddc
_cBK
999 _c67506
_d67506